|
|
|
|
| LEADER |
01774nim a2200409 a 4500 |
| 001 |
001624783 |
| 003 |
CZ BrMZK |
| 005 |
20180419111528.0 |
| 007 |
sd aumdnnmpuue |
| 008 |
180131p19661964xr nn nn cze |
| 028 |
0 |
1 |
|a XM 60025
|b Supraphon
|
| 028 |
1 |
1 |
|a 16/B 051
|b Supraphon
|
| 028 |
1 |
1 |
|a 16/B 052
|b Supraphon
|
| 040 |
|
|
|a BOA001
|b cze
|
| 100 |
1 |
|
|a Havlíček Borovský, Karel,
|d 1821-1856
|7 jk01040361
|4 aut
|
| 245 |
1 |
0 |
|a Křest svatého Vladimíra
|h [zvukový záznam] ;
|b Tyrolské elegie ; Král Lávra ; První jenerální schůze Českého národního muzeum 1847 : básně /
|c Karel Havlíček Borovský
|
| 246 |
1 |
|
|i Název na obalu:
|a Básně Karla Havlíčka Borovského
|
| 260 |
|
|
|a [Praha] :
|b Supraphon,
|c 1966
|
| 300 |
|
|
|a 1 zvukové deska :
|b analog, 16 ot/min ;
|c 25 cm
|
| 490 |
1 |
|
|a Gramofonový klub. Školní řada
|
| 500 |
|
|
|a Gramofonová deska (GL)
|
| 500 |
|
|
|a Fonogram 1965
|
| 508 |
|
|
|a Režie Josef Cincibus
|
| 511 |
0 |
|
|a Recitují Jan Pivec, Zdeněk Štěpánek, Karel Höger, Ladislav Pešek
|
| 518 |
|
|
|a Nahráno v pražském studiu Lucerna v měsících květnu, červnu a září 1964
|
| 700 |
1 |
|
|a Cincibus, Josef,
|d 1906-1980
|7 jk01020729
|4 drt
|
| 700 |
1 |
|
|a Pivec, Jan,
|d 1907-1980
|7 jz8000989
|4 stl
|
| 700 |
1 |
|
|a Štěpánek, Zdeněk,
|d 1896-1968
|7 jk01131323
|4 stl
|
| 700 |
1 |
|
|a Höger, Karel,
|d 1909-1977
|7 jk01041587
|4 stl
|
| 700 |
1 |
|
|a Pešek, Ladislav,
|d 1906-1986
|7 jk01092649
|4 nrt
|
| 740 |
0 |
2 |
|a Tyrolské elegie
|
| 740 |
0 |
2 |
|a Král Lávra
|
| 740 |
0 |
2 |
|a První jenerální schůze Českého národního muzeum 1847
|
| 830 |
|
0 |
|a Gramofonový klub.
|p Školní řada
|
| 910 |
|
|
|a BOA001
|b PK-LP-0132.608
|
| 990 |
|
|
|a AV
|
| 996 |
6 |
|
|b 3119685478
|c PK-LP-0132.608
|l MZK
|r Sklad / do 24 hodin
|n 0
|w 001660956
|u 000010
|a 1
|e BOA001
|j MZK50
|s P
|